[Event "Houston Juneteenth op"]
[Site "Houston"]
[Date "2025.06.21"]
[Round "5"]
[White "Bist, Atharva"]
[Black "Larson, Gerald A"]
[Result "1-0"]
[WhiteElo "2043"]
[BlackElo "1962"]
[PlyCount "103"]
[EventDate "2025.06.20"]
[EventType "swiss"]
[EventRounds "7"]
[EventCountry "USA"]
[SourceTitle "CB26_2025"]
[SourceDate "2025.06.25"]
[SourceVersion "1"]
[SourceVersionDate "2025.06.25"]
[SourceQuality "1"]

1. d4 Nf6 2. Nf3 g6 3. Bf4 Bg7 4. h3 0-0 5. e3 d6 6. Be2 Nfd7 7. 0-0 e5 8. Bh2 Nc6 9. c3 Qe7 10. Nbd2 f5 11. b4 h6 12. Nc4 e4 13. Nfd2 Kh7 14. Re1 Nf6 15. Qc2 Bd7 16. f3 Rae8 17. Na5 Nd8 18. c4 c6 19. Nf1 b6 20. Nb3 c5 21. bxc5 dxc5 22. dxc5 bxc5 23. Rad1 Nb7 24. Qc1 a5 25. Qd2 Ra8 26. fxe4 Rfd8 27. e5 Ne4 28. Qb2 a4 29. Nbd2 Bc6 30. Nxe4 Bxe4 31. Nd2 Bc6 32. Bf3 Qe6 33. Qb6 Rac8 34. Bxc6 Qxc6 35. Qxc6 Rxc6 36. Nf3 Kg8 37. Rd5 Re8 38. e4 Na5 39. Nd2 Bf8 40. exf5 gxf5 41. Rf1 Rb6 42. Rxf5 Rb2 43. Ne4 Be7 44. Nd6 Bxd6 45. exd6 Ree2 46. d7 Rxg2+ 47. Kf1 Nc6 48. d8Q+ Nxd8 49. Rxd8+ Kh7 50. Be5 Rxa2 51. Rf7+ Kg6 52. Rg7+ 1-0